[Event "ESP-ch U16 rapid"]
[Site "Salobrena"]
[Date "2023.07.30"]
[Round "8"]
[White "Dominguez Conde, Hugo"]
[Black "Aguirrezabal Gastesi, Aitor"]
[Result "1-0"]
[WhiteElo "1761"]
[BlackElo "1301"]
[PlyCount "149"]
[EventDate "2023.07.29"]
[EventType "swiss (rapid)"]
[EventRounds "9"]
[EventCountry "ESP"]
[SourceTitle "EXT 2024"]
[Source "ChessBase"]
[SourceDate "2023.10.10"]
[SourceVersion "1"]
[SourceVersionDate "2023.10.10"]
[SourceQuality "1"]

1. Nf3 Nf6 2. b3 g6 3. Bb2 Bg7 4. e3 0-0 5. Be2 c5 6. c4 d6 7. 0-0 Bf5 8. Nc3 Nc6 9. d4 cxd4 10. Nxd4 Nxd4 11. exd4 Nd7 12. Bf3 Rb8 13. Re1 Re8 14. Nd5 e6 15. Ne3 e5 16. Nxf5 gxf5 17. dxe5 dxe5 18. Bd5 Qc7 19. Qh5 Nf6 20. Qxf5 Nxd5 21. cxd5 Qd6 22. Rad1 Rbc8 23. Re2 b5 24. g3 b4 25. Rde1 Rc5 26. f4 Rxd5 27. Bxe5 Bxe5 28. Rxe5 Rexe5 29. Rxe5 Rd1+ 30. Kg2 Rd2+ 31. Kh3 Rxa2 32. Re8+ Kg7 33. Qg5+ Qg6 34. Qe5+ Kh6 35. Rd8 f6 36. Qc5 Qf7 37. Qf5 Rb2 38. Rd6 Qh5+ 39. Qxh5+ Kxh5 40. Rxf6 Rxb3 41. Ra6 Ra3 42. Rc6 a5 43. Ra6 a4 44. Rb6 Rb3 45. Ra6 a3 46. Ra5+ Kg6 47. Kg4 Rb2 48. Ra6+ Kg7 49. f5 b3 50. Rxa3 Kf6 51. Ra6+ Kf7 52. Rb6 Rb1 53. Kg5 Rb2 54. Rb7+ Kg8 55. Kf6 h5 56. Kg6 Kf8 57. h4 Rb1 58. f6 Ke8 59. f7+ Kf8 60. Rb8+ Ke7 61. f8Q+ Ke6 62. Rb6+ Kd5 63. Qd6+ Ke4 64. Rb4+ Kf3 65. Qf4+ Kg2 66. Qe4+ Kh3 67. Qxb1 b2 68. Qh1+ Kxg3 69. Rb3+ Kf4 70. Qf3+ Ke5 71. Qf5+ Kd4 72. Rd3+ Kc4 73. Qd5+ Kb4 74. Rb3+ Ka4 75. Qb5# 1-0

[Event "ESP-ch U16 rapid"]
[Site "Salobrena"]
[Date "2023.07.30"]
[Round "9"]
[White "Dominguez Conde, Hugo"]
[Black "Cayon Pelaez, Pablo"]
[Result "1-0"]
[WhiteElo "1761"]
[BlackElo "1960"]
[PlyCount "125"]
[EventDate "2023.07.29"]
[EventType "swiss (rapid)"]
[EventRounds "9"]
[EventCountry "ESP"]
[SourceTitle "EXT 2024"]
[Source "ChessBase"]
[SourceDate "2023.10.10"]
[SourceVersion "1"]
[SourceVersionDate "2023.10.10"]
[SourceQuality "1"]

1. e4 f6 2. g3 Kf7 3. f3 e6 4. Kf2 d6 5. b3 g6 6. Bb2 Bg7 7. Bh3 e5 8. Bxc8 Qxc8 9. c4 Ne7 10. Nc3 Rf8 11. Nge2 c5 12. Kg2 a6 13. Nd5 Qd8 14. Nec3 Nbc6 15. Nxe7 Nxe7 16. Nd5 Nxd5 17. exd5 f5 18. d3 Kg8 19. Re1 Re8 20. Qd2 Qd7 21. f4 Re7 22. fxe5 dxe5 23. Re2 Rae8 24. Rae1 b6 25. Bc3 a5 26. Qb2 Qd6 27. Qa3 e4 28. Bxg7 Kxg7 29. dxe4 fxe4 30. Qb2+ Kg8 31. Qd2 Qe5 32. d6 e3 33. dxe7 exd2 34. Rxe5 dxe1Q 35. Rxe1 Kf7 36. Kf3 Rxe7 37. Rxe7+ Kxe7 38. Ke4 Kd6 39. g4 h6 40. h4 Ke6 41. a3 Kd6 42. h5 gxh5 43. gxh5 Ke6 44. a4 Kf6 45. Kd5 Kg5 46. Kc6 Kxh5 47. Kxb6 Kg5 48. Kxc5 h5 49. Kb6 h4 50. c5 h3 51. c6 h2 52. c7 h1Q 53. c8Q Qe1 54. Qc5+ Kf6 55. Qd6+ Kf7 56. Qd5+ Kf6 57. Ka6 Qc3 58. Qc4 Qe1 59. Qc6+ Ke7 60. Qc7+ Ke8 61. Qxa5 Qe6+ 62. Qb6 Qe2+ 63. Qb5+ 1-0

[Event "ESP-ch U16 rapid"]
[Site "Salobrena"]
[Date "2023.07.30"]
[Round "6"]
[White "Dominguez Conde, Hugo"]
[Black "Lorca Sanchez, Manuel"]
[Result "0-1"]
[WhiteElo "1761"]
[BlackElo "1403"]
[PlyCount "156"]
[EventDate "2023.07.29"]
[EventType "swiss (rapid)"]
[EventRounds "9"]
[EventCountry "ESP"]
[SourceTitle "EXT 2024"]
[Source "ChessBase"]
[SourceDate "2023.10.10"]
[SourceVersion "1"]
[SourceVersionDate "2023.10.10"]
[SourceQuality "1"]

1. Nf3 c5 2. e3 e6 3. b3 g6 4. Bb2 Nf6 5. c4 Bg7 6. Be2 0-0 7. 0-0 d5 8. d4 b6 9. dxc5 bxc5 10. cxd5 exd5 11. Qc2 Qc7 12. Nc3 Bb7 13. Rac1 Rc8 14. Rfd1 Nc6 15. Nb5 Qa5 16. Nd6 Nb4 17. Qd2 Ne4 18. Nxe4 dxe4 19. Ng5 Rd8 20. Bd4 cxd4 21. exd4 Rxd4 22. Qf4 Rxd1+ 23. Rxd1 Qf5 24. Qh4 h6 25. Nh3 Nxa2 26. Qe7 Nc3 27. Qxb7 Nxe2+ 28. Kf1 Rc8 29. Re1 Nd4 30. Qxa7 Nxb3 31. Qa2 Nd4 32. Rd1 e3 33. Re1 exf2 34. Rd1 Re8 35. Qxf2 Qxf2+ 36. Nxf2 Bf6 37. Ng4 Bg7 38. Nxh6+ Bxh6 39. Rxd4 Kg7 40. Rd6 Bf4 41. Ra6 Bxh2 42. Kf2 Be5 43. Ra4 Bf6 44. Kf3 Rc8 45. Ra2 Bg5 46. Ra3 f6 47. Rb3 Rc7 48. Kg4 Bh6 49. Kf3 f5 50. Rd3 Bg5 51. Rb3 Bf6 52. Rb6 g5 53. Ra6 Rc3+ 54. Ke2 Rc2+ 55. Kf3 Kg6 56. Rb6 g4+ 57. Kg3 Kg5 58. Rb5 Re2 59. Kh2 Be5+ 60. Kg1 Bg3 61. Rb1 Re1+ 62. Rxe1 Bxe1 63. Kf1 Bb4 64. Ke2 Kf4 65. Kf2 Bc5+ 66. Kf1 Kg3 67. Ke2 Kxg2 68. Kd3 Kf2 69. Kc4 g3 70. Kd5 g2 71. Ke5 g1Q 72. Kf6 f4 73. Ke6 Qg5 74. Kd7 Qf6 75. Kc7 Qd6+ 76. Kb7 Qb6+ 77. Kc8 Qa7 78. Kd8 Bd6 0-1

[Event "ESP-ch U16 rapid"]
[Site "Salobrena"]
[Date "2023.07.29"]
[Round "4"]
[White "Dominguez Conde, Hugo"]
[Black "Cacheiro Blanco, Diego"]
[Result "0-1"]
[WhiteElo "1761"]
[BlackElo "2108"]
[PlyCount "136"]
[EventDate "2023.07.29"]
[EventType "swiss (rapid)"]
[EventRounds "9"]
[EventCountry "ESP"]
[SourceTitle "EXT 2024"]
[Source "ChessBase"]
[SourceDate "2023.10.10"]
[SourceVersion "1"]
[SourceVersionDate "2023.10.10"]
[SourceQuality "1"]

1. Nf3 Nf6 2. b3 g6 3. Bb2 Bg7 4. c4 c5 5. e3 0-0 6. Be2 b6 7. 0-0 Bb7 8. d4 cxd4 9. exd4 d5 10. Nbd2 Nc6 11. Rc1 e6 12. Ne5 Nxe5 13. dxe5 Nd7 14. cxd5 Bxd5 15. f4 b5 16. Bf3 Qb6+ 17. Kh1 Bxf3 18. Nxf3 Rfd8 19. Qe2 Rac8 20. Rfd1 Nb8 21. Bd4 Qb7 22. Be3 Bf8 23. Qf2 Nc6 24. Ng5 Nb4 25. Qf3 Qxf3 26. Nxf3 Rxc1 27. Rxc1 Nxa2 28. Ra1 Nc3 29. h3 Nd5 30. Bd2 Bc5 31. Rc1 Be3 32. Bxe3 Nxe3 33. Rc7 Rd1+ 34. Kh2 Nf1+ 35. Kg1 Nd2+ 36. Kf2 Nxf3 37. Kxf3 Rd3+ 38. Kg4 Rxb3 39. Rxa7 Rd3 40. Rb7 Rd5 41. Kg5 Kg7 42. g3 h6+ 43. Kg4 g5 44. Kh5 gxf4 45. gxf4 Rd4 46. Rxb5 Rxf4 47. h4 Rf5+ 48. Kg4 h5+ 49. Kg3 Kf8 50. Rb8+ Ke7 51. Rb7+ Kd8 52. Rb5 Kc7 53. Rc5+ Kb6 54. Rc4 Rxe5 55. Rf4 f5 56. Rd4 Kc5 57. Rd8 Re4 58. Rh8 Rg4+ 59. Kh3 Kd4 60. Rxh5 Ke4 61. Rh6 e5 62. Rf6 Kf4 63. h5 Rg5 64. h6 Rh5+ 65. Kg2 e4 66. Rg6 e3 67. Kf1 Kf3 68. Rf6 Rh1# 0-1

[Event "ESP-ch U16 rapid"]
[Site "Salobrena"]
[Date "2023.07.29"]
[Round "2"]
[White "Dominguez Conde, Hugo"]
[Black "Salinas Tomas, Daniel"]
[Result "0-1"]
[WhiteElo "1761"]
[BlackElo "2096"]
[PlyCount "128"]
[EventDate "2023.07.29"]
[EventType "swiss (rapid)"]
[EventRounds "9"]
[EventCountry "ESP"]
[SourceTitle "EXT 2024"]
[Source "ChessBase"]
[SourceDate "2023.10.10"]
[SourceVersion "1"]
[SourceVersionDate "2023.10.10"]
[SourceQuality "1"]

1. Nf3 Nf6 2. b3 d5 3. e3 e6 4. Bb2 Be7 5. c4 c6 6. Be2 0-0 7. 0-0 a5 8. Nc3 b6 9. d4 Nbd7 10. Qc2 Bb7 11. Rac1 c5 12. cxd5 exd5 13. dxc5 bxc5 14. Rfd1 Rc8 15. Qf5 Qb6 16. Bb5 Qe6 17. Bxd7 Nxd7 18. Qf4 Nf6 19. Ng5 Qc6 20. Ne2 d4 21. Nf3 Qe6 22. Ng5 Qd5 23. Nf3 Bd6 24. Qg5 Rfe8 25. Rd2 Qxg5 26. Nxg5 h6 27. Nh3 Ne4 28. Rdd1 dxe3 29. f3 Nd2 30. Bc3 a4 31. Bxd2 exd2 32. Rxd2 Be5 33. Nf2 axb3 34. axb3 Ba6 35. Rdc2 Bxe2 36. Rxe2 Bxh2+ 37. Kf1 Rxe2 38. Kxe2 Rb8 39. Rxc5 Rxb3 40. Nd3 Ra3 41. Rc8+ Kh7 42. Nc1 Bf4 43. Nd3 Ra2+ 44. Kf1 Bg3 45. Rc1 Kg6 46. Rd1 h5 47. Kg1 h4 48. Ne1 f6 49. Nd3 Kf5 50. Kf1 g5 51. Rb1 Rd2 52. Ne1 Be5 53. Rb3 Bg3 54. Rb1 Bxe1 55. Rxe1 Kf4 56. Re6 f5 57. Rg6 h3 58. gxh3 Kxf3 59. Ke1 Re2+ 60. Kd1 Rg2 61. h4 g4 62. h5 f4 63. h6 Rh2 64. Ke1 g3 0-1

[Event "ESP-ch U14"]
[Site "Salobrena"]
[Date "2022.07.20"]
[Round "4"]
[White "Dominguez Conde, Hugo"]
[Black "Tudela Gonzalez, Victor"]
[Result "1-0"]
[WhiteElo "1697"]
[BlackElo "1942"]
[PlyCount "71"]
[EventDate "2022.07.18"]
[EventType "swiss"]
[EventRounds "9"]
[EventCountry "ESP"]
[SourceTitle "EXT 2023"]
[Source "ChessBase"]
[SourceDate "2022.10.05"]
[SourceVersion "1"]
[SourceVersionDate "2022.10.05"]
[SourceQuality "1"]

1. e4 c6 2. d4 d5 3. e5 Na6 4. Bd3 h5 5. h3 g6 6. c3 Nc7 7. Nf3 Nh6 8. Na3 Bf5 9. Bxh6 Bxh6 10. Bxf5 gxf5 11. Nc2 e6 12. Nb4 Qe7 13. Qa4 Rg8 14. Rg1 a5 15. Nd3 b5 16. Qc2 Na6 17. a4 b4 18. c4 Kd7 19. cxd5 cxd5 20. Qe2 Rgc8 21. g3 b3 22. Nd2 Nb4 23. Nxb3 Nc2+ 24. Kf1 Nxa1 25. Ndc5+ Kd8 26. Nxa1 Rxc5 27. dxc5 Qxc5 28. Qxh5 Qf8 29. Nb3 Bg7 30. g4 Qb4 31. gxf5 Qc4+ 32. Kg2 Qxb3 33. Qg5+ Kc7 34. Qxg7 exf5 35. Qxf7+ Kc6 36. Rc1+ 1-0

[Event "Galicia-ch U14"]
[Site "Padron"]
[Date "2022.03.01"]
[Round "8"]
[White "Dominguez Conde, Hugo"]
[Black "Cereijo Suarez, Alejandro"]
[Result "1/2-1/2"]
[WhiteElo "1683"]
[BlackElo "1940"]
[PlyCount "71"]
[EventDate "2022.02.26"]
[EventType "swiss"]
[EventRounds "8"]
[EventCountry "ESP"]
[SourceTitle "EXT 2023"]
[Source "ChessBase"]
[SourceDate "2022.10.05"]
[SourceVersion "1"]
[SourceVersionDate "2022.10.05"]
[SourceQuality "1"]

1. e4 c5 2. Nf3 e6 3. d4 cxd4 4. Nxd4 a6 5. Bd3 Qc7 6. Bd2 Nc6 7. Nxc6 dxc6 8. Bc3 Nf6 9. Nd2 b5 10. Qe2 Bb7 11. a3 c5 12. b3 Be7 13. a4 b4 14. Bb2 Nd7 15. Nc4 h5 16. 0-0-0 0-0-0 17. Ne3 Bf6 18. Bxa6 Bxb2+ 19. Kxb2 Qe5+ 20. Kb1 Qxe4 21. Bxb7+ Qxb7 22. Nc4 Nf6 23. Nd6+ Rxd6 24. Rxd6 Ne4 25. Qd3 Nxd6 26. Qxd6 Qc7 27. Qa6+ Qb7 28. Qxb7+ Kxb7 29. Rd1 Kc6 30. Rd3 Re8 31. Kc1 e5 32. Rh3 g6 33. Re3 f5 34. Rg3 Re6 35. Rd3 Re8 36. f3 1/2-1/2

[Event "Galicia-ch U14"]
[Site "Padron"]
[Date "2022.02.27"]
[Round "3"]
[White "Dominguez Conde, Hugo"]
[Black "Cabanas Lopez, Eduardo"]
[Result "1/2-1/2"]
[WhiteElo "1683"]
[BlackElo "1415"]
[PlyCount "105"]
[EventDate "2022.02.26"]
[EventType "swiss"]
[EventRounds "8"]
[EventCountry "ESP"]
[SourceTitle "EXT 2023"]
[Source "ChessBase"]
[SourceDate "2022.10.05"]
[SourceVersion "1"]
[SourceVersionDate "2022.10.05"]
[SourceQuality "1"]

1. g3 e5 2. Nf3 Nc6 3. d3 g6 4. Bg2 Bg7 5. Nc3 Nge7 6. Bg5 h6 7. Be3 0-0 8. 0-0 d6 9. a3 f5 10. Qc1 g5 11. Bd2 f4 12. Ne1 Bd7 13. e3 fxg3 14. hxg3 Qe8 15. Nd5 Nxd5 16. Bxd5+ Be6 17. c4 Qf7 18. Bg2 Rab8 19. Bc3 h5 20. Kh2 h4 21. Nf3 hxg3+ 22. fxg3 Qh5+ 23. Kg1 Bh3 24. Qd2 Bxg2 25. Qxg2 g4 26. Nh4 Rf6 27. Qd5+ Qf7 28. Qxf7+ Kxf7 29. Rxf6+ Bxf6 30. Rf1 Ke6 31. Nf5 Rh8 32. d4 Ne7 33. d5+ Kf7 34. e4 Rh5 35. Ne3 Rg5 36. Bd2 Rg6 37. b4 Ke8 38. c5 Bg5 39. Nc4 Bxd2 40. cxd6 Bxb4 41. axb4 cxd6 42. Na5 b6 43. Nc6 Nxc6 44. dxc6 Rg7 45. b5 a5 46. bxa6 Ra7 47. Rf6 Rxa6 48. Rxd6 Ra1+ 49. Kf2 Rc1 50. Re6+ Kd8 51. Rxe5 Rxc6 52. Ke3 Rf6 53. Kd4 1/2-1/2

[Event "Galicia-ch U14"]
[Site "Padron"]
[Date "2022.02.27"]
[Round "4"]
[White "Fernandez Ramos, Iago"]
[Black "Dominguez Conde, Hugo"]
[Result "0-1"]
[WhiteElo "1711"]
[BlackElo "1683"]
[PlyCount "58"]
[EventDate "2022.02.26"]
[EventType "swiss"]
[EventRounds "8"]
[EventCountry "ESP"]
[SourceTitle "EXT 2023"]
[Source "ChessBase"]
[SourceDate "2022.10.05"]
[SourceVersion "1"]
[SourceVersionDate "2022.10.05"]
[SourceQuality "1"]

1. e4 e6 2. d3 d5 3. Nd2 Nf6 4. Ngf3 Be7 5. c3 c5 6. g3 Nc6 7. Bg2 dxe4 8. dxe4 Qd3 9. Bf1 Qd8 10. Qc2 b6 11. Bb5 Bd7 12. 0-0 0-0 13. Re1 Nb4 14. cxb4 Bxb5 15. bxc5 Bxc5 16. h3 Qc7 17. Kg2 Rfd8 18. e5 Nd5 19. Qe4 Bd3 20. Qh4 Be7 21. Qh5 Bg6 22. Qg4 Bf5 23. Qh5 Nb4 24. Ne4 Nc2 25. Bf4 Bg6 26. Qg4 h5 27. Nf6+ Bxf6 28. exf6 hxg4 29. Bxc7 gxf3+ 0-1

[Event "ESP-ch U12"]
[Site "Salobrena"]
[Date "2020.07.30"]
[Round "6"]
[White "Martel Bruniaux, Malko"]
[Black "Dominguez Conde, Hugo"]
[Result "1/2-1/2"]
[WhiteElo "1598"]
[BlackElo "1455"]
[PlyCount "96"]
[EventDate "2020.07.27"]
[EventType "swiss"]
[EventRounds "9"]
[EventCountry "ESP"]
[SourceTitle "EXT 2021"]
[Source "ChessBase"]
[SourceDate "2020.10.23"]
[SourceVersion "1"]
[SourceVersionDate "2020.10.23"]
[SourceQuality "1"]

1. c4 f5 2. d4 Nf6 3. g3 d6 4. d5 g6 5. Bg2 Bg7 6. Nc3 0-0 7. Nh3 Nbd7 8. 0-0 a6 9. Rb1 Qe8 10. Ng5 Ne5 11. Qb3 h6 12. Ne6 Bxe6 13. dxe6 Rb8 14. Nd5 Nxd5 15. cxd5 c5 16. h3 Qb5 17. Qxb5 axb5 18. b3 g5 19. f4 gxf4 20. gxf4 Ng6 21. Bb2 Bxb2 22. Rxb2 b4 23. e3 Nh4 24. a4 bxa3 25. Ra2 Ra8 26. Rfa1 Rf6 27. Kf2 Nxg2 28. Kxg2 Rg6+ 29. Kf2 Ra5 30. Rxa3 Rb5 31. Ra8+ Kh7 32. Re8 Rg7 33. Raa8 Rxb3 34. Rh8+ Kg6 35. Rag8 c4 36. Rxg7+ Kxg7 37. Re8 Kf6 38. Rf8+ Kg6 39. Rf7 c3 40. Rxe7 Rb5 41. Rc7 Rxd5 42. Rxc3 Kf6 43. e7 Kxe7 44. Rc7+ Kf6 45. Rxb7 Rd2+ 46. Kf3 Rh2 47. Kg3 Re2 48. Kf3 Rh2 1/2-1/2

[Event "Galicia-ch U14"]
[Site "Padron"]
[Date "2020.02.25"]
[Round "7"]
[White "Lopez Diaz, Pablo"]
[Black "Dominguez Conde, Hugo"]
[Result "1-0"]
[WhiteElo "1379"]
[BlackElo "1477"]
[PlyCount "71"]
[EventDate "2020.02.22"]
[EventType "swiss"]
[EventRounds "8"]
[EventCountry "ESP"]
[SourceTitle "EXT 2023"]
[Source "ChessBase"]
[SourceDate "2022.10.05"]
[SourceVersion "1"]
[SourceVersionDate "2022.10.05"]
[SourceQuality "1"]

1. d4 f5 2. c4 Nf6 3. Nf3 d6 4. Nc3 g6 5. g3 Bg7 6. Bg2 0-0 7. 0-0 Qe8 8. Qb3 c6 9. c5+ Kh8 10. cxd6 exd6 11. e3 Nbd7 12. Bd2 Nb6 13. Rac1 Be6 14. Qc2 Nbd5 15. Nxd5 Bxd5 16. b3 Be4 17. Qb2 Rd8 18. Bb4 Nd5 19. Qa3 g5 20. Nxg5 Bxg2 21. Kxg2 Qh5 22. Ne6 Rf6 23. Nxd8 Rh6 24. Rh1 Qh3+ 25. Kg1 f4 26. Nf7+ Kg8 27. Nxh6+ Bxh6 28. exf4 Bxf4 29. Re1 Ne3 30. Rxe3 Bxe3 31. fxe3 Qg4 32. Qb2 Qe4 33. Qf2 Qb1+ 34. Kg2 Qe4+ 35. Qf3 Qc2+ 36. Kh3 1-0

[Event "Galicia-ch U14"]
[Site "Padron"]
[Date "2020.02.24"]
[Round "6"]
[White "Dominguez Conde, Hugo"]
[Black "Perez Ochandategui, Xabier"]
[Result "1-0"]
[WhiteElo "1477"]
[BlackElo "1417"]
[PlyCount "47"]
[EventDate "2020.02.22"]
[EventType "swiss"]
[EventRounds "8"]
[EventCountry "ESP"]
[SourceTitle "EXT 2023"]
[Source "ChessBase"]
[SourceDate "2022.10.05"]
[SourceVersion "1"]
[SourceVersionDate "2022.10.05"]
[SourceQuality "1"]

1. Nf3 d5 2. c4 e6 3. g3 c6 4. b3 f5 5. Bb2 Nf6 6. d3 Bb4+ 7. Nbd2 0-0 8. Bg2 Bd7 9. 0-0 Qc7 10. a3 Bd6 11. Rc1 Be8 12. cxd5 exd5 13. Nd4 Bd7 14. Nb5 Qb6 15. Nxd6 c5 16. Be5 Nc6 17. Bxf6 Rxf6 18. Bxd5+ Kf8 19. N6c4 Qc7 20. Bg2 Re8 21. Ne3 Be6 22. Rxc5 Qd6 23. b4 Nd4 24. Ndc4 1-0

[Event "Padron Pre-Mundial U10"]
[Site "Padron"]
[Date "2018.09.06"]
[Round "6.2"]
[White "Cereijo Suarez, Alejandro"]
[Black "Dominguez Conde, Hugo"]
[Result "1-0"]
[WhiteElo "1570"]
[BlackElo "1159"]
[PlyCount "61"]
[EventDate "2018.09.03"]
[EventType "swiss"]
[EventRounds "9"]
[EventCountry "ESP"]
[SourceTitle "EXT 2024"]
[Source "ChessBase"]
[SourceDate "2023.10.10"]
[SourceVersion "1"]
[SourceVersionDate "2023.10.10"]
[SourceQuality "1"]

1. d4 Nf6 2. Bf4 d5 3. Nf3 Bf5 4. e3 e6 5. Nbd2 Bd6 6. Ne5 0-0 7. Be2 Nbd7 8. g4 Bg6 9. h4 h6 10. Nxg6 fxg6 11. Bxd6 cxd6 12. Bd3 Qe8 13. g5 hxg5 14. hxg5 Nh7 15. Rxh7 Kxh7 16. Qh5+ Kg8 17. Bxg6 Qxg6 18. Qxg6 e5 19. Qe6+ Kh7 20. 0-0-0 Nf6 21. Qf5+ g6 22. Rh1+ Nh5 23. Rxh5+ Kg7 24. Qd7+ Rf7 25. Rh7+ Kxh7 26. Qxf7+ Kh8 27. Qxg6 exd4 28. Qh6+ Kg8 29. g6 dxe3 30. Qh7+ Kf8 31. Qf7# 1-0

[Event "Padron Pre-Mundial U10"]
[Site "Padron"]
[Date "2018.09.05"]
[Round "4"]
[White "Dominguez Conde, Hugo"]
[Black "Fernandez Ramos, Iago"]
[Result "1/2-1/2"]
[WhiteElo "1159"]
[BlackElo "1310"]
[PlyCount "71"]
[EventDate "2018.09.03"]
[EventType "swiss"]
[EventRounds "9"]
[EventCountry "ESP"]
[SourceTitle "EXT 2024"]
[Source "ChessBase"]
[SourceDate "2023.10.10"]
[SourceVersion "1"]
[SourceVersionDate "2023.10.10"]
[SourceQuality "1"]

1. d4 d5 2. c4 e6 3. Nc3 f5 4. cxd5 exd5 5. Bf4 c6 6. Nf3 Nf6 7. e3 Bd6 8. Bg3 0-0 9. Bd3 Ne4 10. Bxd6 Qxd6 11. 0-0 Nd7 12. Bxe4 fxe4 13. Ng5 Qg6 14. Qg4 h6 15. Qe6+ Qxe6 16. Nxe6 Rf6 17. Nf4 Nb6 18. b3 Nd7 19. f3 exf3 20. Nh5 Rf5 21. Ng3 f2+ 22. Rxf2 Rxf2 23. Kxf2 Nf6 24. Re1 Bd7 25. e4 dxe4 26. Ngxe4 Ng4+ 27. Kg3 Re8 28. h3 Nf6 29. Nxf6+ gxf6 30. Rxe8+ Bxe8 31. Ne4 Kf7 32. Nd6+ Ke7 33. Nxe8 Kxe8 34. Kg4 Kf7 35. Kf5 h5 36. b4 1/2-1/2